00712 a2200181 45000010006000000050017000060080041000230030015000640400040000790800058001192450041001770200022002182640032002403000018002725050203002900410008004931000029005013008820260407155612.0260407a1994 arg spa dAR-UNSa-BCEJYS aAR-UNSa-BCEJYSbspacAR-UNSa-BCEJYS a657(083)xResoluciones Técnicas Contables. Informes10aConsolidación de estados contables a978-950-866-012-1 1aBuenos Aires :bReisac1994 a88 p.c28 cm. a1. Aspectos básicos - 2. Método general - 3. Incorporación de la inversión - 4. Ajustes de consolidación - 5. Eliminaciones - 6. Participaciones indirectas y reciprocas - 7. Otros aspectos aspa1 aSenderovich, Pablo David